Penguins and polar bears : (Record no. 8992)

MARC details
000 -LEADER
fixed length control field 01318pam a2200397 a 4500
001 - CONTROL NUMBER
control field 8992
003 - CONTROL NUMBER IDENTIFIER
control field FISKH
005 - DATE AND TIME OF LATEST TRANSACTION
control field 20251113100431.0
008 - FIXED-LENGTH DATA ELEMENTS--GENERAL INFORMATION
fixed length control field 850823s1985 dcua j 000 0 eng
010 ## - LIBRARY OF CONGRESS CONTROL NUMBER
LC control number 85021461
020 ## - INTERNATIONAL STANDARD BOOK NUMBER
International Standard Book Number 0870445626
020 ## - INTERNATIONAL STANDARD BOOK NUMBER
International Standard Book Number 0870445677
Qualifying information lib. bdg.
020 ## - INTERNATIONAL STANDARD BOOK NUMBER
International Standard Book Number 9780870445620
020 ## - INTERNATIONAL STANDARD BOOK NUMBER
International Standard Book Number 9780870445675
Qualifying information (lib. bdg.)
035 ## - SYSTEM CONTROL NUMBER
System control number 2387362
040 ## - CATALOGING SOURCE
Original cataloging agency DLC
Transcribing agency DLC
Modifying agency DLC
Language of cataloging eng
050 00 - LIBRARY OF CONGRESS CALL NUMBER
Classification number QL696.S473
Item number C76 1985
082 00 - DEWEY DECIMAL CLASSIFICATION NUMBER
Classification number 598.4/41
Edition number 19
100 1# - MAIN ENTRY--PERSONAL NAME
Personal name Crow, Sandra Lee,
Dates associated with a name 1948-
245 10 - TITLE STATEMENT
Title Penguins and polar bears :
Remainder of title animals of the ice and snow /
Statement of responsibility, etc. by Sandra Lee Crow.
260 ## - PUBLICATION, DISTRIBUTION, ETC.
Place of publication, distribution, etc. [Washington :
Name of publisher, distributor, etc. National Geographic Society,
Date of publication, distribution, etc. 1985.
300 ## - PHYSICAL DESCRIPTION
Extent 32 pages :
Other physical details color illustrations ;
Dimensions 29 cm
440 #0 - SERIES STATEMENT/ADDED ENTRY--TITLE
Title Books for young explorers
505 ## - FORMATTED CONTENTS NOTE
Formatted contents note O<br/>
520 ## - SUMMARY, ETC.
Summary, etc. Describes the physical characteristics and life cycle of two animals adapted for survival in polar climates, the penguin at the Antarctic and the polar bear at the Arctic.
521 8# - TARGET AUDIENCE NOTE
Target audience note 600<br/>
Source Lexile <br/>
521 8# - TARGET AUDIENCE NOTE
Target audience note O<br/>
Source Raz-Plus<br/>
650 #0 - SUBJECT ADDED ENTRY--TOPICAL TERM
Topical term or geographic name entry element Penguins
General subdivision Juvenile literature.
650 #0 - SUBJECT ADDED ENTRY--TOPICAL TERM
Topical term or geographic name entry element Polar bear
General subdivision Juvenile literature.
650 #1 - SUBJECT ADDED ENTRY--TOPICAL TERM
Topical term or geographic name entry element Penguins.
650 #1 - SUBJECT ADDED ENTRY--TOPICAL TERM
Topical term or geographic name entry element Polar bears.
650 #1 - SUBJECT ADDED ENTRY--TOPICAL TERM
Topical term or geographic name entry element Bears.
906 ## - LOCAL DATA ELEMENT F, LDF (RLIN)
a 7
b cbc
c orignew
d 1
e ocip
f 19
g y-gencatlg
942 ## - ADDED ENTRY ELEMENTS (KOHA)
Source of classification or shelving scheme Dewey Decimal Classification
Koha item type Books
Suppress in OPAC No
Holdings
Withdrawn status Lost status Source of classification or shelving scheme Damaged status Not for loan Collection Home library Current library Shelving location Date acquired Total Checkouts Full call number Barcode Date last seen Copy number Price effective from Koha item type
    Dewey Decimal Classification     Non-Fiction Footprints International School Library Network Toul Tom Poung Campus Footprints International School Library Network Toul Tom Poung Campus TTP Primary Yellow Bookshelves 11/13/2025   CRO 598.4 QL696.S473 C76 FIS01522 11/13/2025 1 11/13/2025 Books